00682nam a2200169Ia 4500008004100000020001800041022001000059040001300069082001600082100001900098245006800117260004200185300003800227500018500265650004400450700001800494191130s2001##################000#0#eng## a9780198167358 a66918 aACLcACL a792.545 LAT aLatham, Alison aVerdi in performance : edited by Alison Latham and Roger Parker aOxfordbOxford University Pressc2001 axii, 196 p. : ill., music ; 24 cm aPapers principally given at a conference entitled Verdi in performance which took place at the Royal Opera House, Covent Garden, 1995. Includes bibliographical references and index aVerdi, Giuseppe, 1813-1901 - Congresses aParker, Roger